عرض عادي
عرض مارك
- Levstik, Linda S
دخول Personal Name
001 - CONTROL NUMBER
- control field: 16829
003 - CONTROL NUMBER IDENTIFIER
- control field: AE-AdECS
005 - DATE AND TIME OF LATEST TRANSACTION
- control field: 20250610140214.0
008 - FIXED-LENGTH DATA ELEMENTS
- fixed length control field: 250610|| aca||aabn | a|a d
040 ## - CATALOGING SOURCE
- Original cataloging agency: AE-AdECS
- Transcribing agency: AE-AdECS
100 ## - HEADING--PERSONAL NAME
- Personal name: Levstik, Linda S
670 ## - SOURCE DATA FOUND
- Source citation: Work cat.: (AE-AdECS)28875: Handbook of research in social studies education /
